| 000 | 00607 a2200217 4500 | ||
|---|---|---|---|
| 001 | 62017 | ||
| 005 | 20260407155914.0 | ||
| 008 | 260407a1997 arg spa d | ||
| 003 | AR-UNSa-BCEJYS | ||
| 040 |
_aAR-UNSa-BCEJYS _bspa _cAR-UNSa-BCEJYS |
||
| 080 |
_a349.22:331.106 _xContrato de trabajo |
||
| 245 | 1 | 0 |
_aRégimen de contrato de trabajo _pLey 20.744 |
| 020 | _a978-950-508-131-8 | ||
| 250 | _a6a. ed. | ||
| 264 | 1 |
_aBuenos Aires : _bAstrea _c1997 |
|
| 300 |
_a341 p. _c20 cm. |
||
| 041 | _aspa | ||
| 942 | _cBK | ||
| 590 | _aniveau_biblio:m niveau_hierar:0 | ||
| 100 | 1 | _aFernández Campón, Raúl | |
| 999 |
_c7548 _d7548 |
||